Recession a matter of individual results (Record no. 68192)
[ view plain ]
| 000 -LEADER | |
|---|---|
| fixed length control field | 01033cam a2200229 4500 |
| 001 - CONTROL NUMBER | |
| control field | WB3733-04 |
| 008 - FIXED-LENGTH DATA ELEMENTS--GENERAL INFORMATION | |
| fixed length control field | 010906n2001 000 0 eng u |
| 035 ## - SYSTEM CONTROL NUMBER | |
| System control number | (Sirsi) u114473 |
| 245 ## - TITLE STATEMENT | |
| Title | Recession a matter of individual results |
| 260 ## - PUBLICATION, DISTRIBUTION, ETC. | |
| Date of publication, distribution, etc. | 2001 |
| 490 ## - SERIES STATEMENT | |
| Series statement | Contract Journal |
| Volume/sequential designation | 410(6343) 5 September 2001, 24(1) |
| 520 ## - SUMMARY, ETC. | |
| Summary, etc. | According to research from Plimsoll Publishing, recession is based more on an individual plant hire company's performance than the national economy. The survey of 460 plant hire companies reveals that 23% said they were in recession contrasted to 41% that said there were no signs of recession. Another 26% spoke of expansion plans. The full report analyses the top 1,000 companies and is available from Plimsoll on 01642 2578000, cost £305. |
| 590 ## - LOCAL NOTE (RLIN) | |
| Local note | WB |
| 650 ## - SUBJECT ADDED ENTRY--TOPICAL TERM | |
| Topical term or geographic name entry element | PLANT HIRE COMPANIES |
| 650 ## - SUBJECT ADDED ENTRY--TOPICAL TERM | |
| Topical term or geographic name entry element | RECESSION |
| 650 ## - SUBJECT ADDED ENTRY--TOPICAL TERM | |
| Topical term or geographic name entry element | ECONOMY |
| 650 ## - SUBJECT ADDED ENTRY--TOPICAL TERM | |
| Topical term or geographic name entry element | SURVEYS |
| 650 ## - SUBJECT ADDED ENTRY--TOPICAL TERM | |
| Topical term or geographic name entry element | PLANT AND MACHINERY |
| 650 ## - SUBJECT ADDED ENTRY--TOPICAL TERM | |
| Topical term or geographic name entry element | Sales |
| 9 (RLIN) | 6269 |
| 690 ## - LOCAL SUBJECT ADDED ENTRY--TOPICAL TERM (OCLC, RLIN) | |
| Topical term or geographic name as entry element | BUILT ENVIRONMENT-CONSTRUCTION MARKET |
| 942 ## - ADDED ENTRY ELEMENTS (KOHA) | |
| Suppress in OPAC | 0 |
| Withdrawn status | Lost status | Source of classification or shelving scheme | Damaged status | Not for loan | Home library | Current library | Shelving location | Date acquired | Total Checkouts | Full call number | Barcode | Date last seen | Copy number | Price effective from | Koha item type |
|---|---|---|---|---|---|---|---|---|---|---|---|---|---|---|---|
| Dewey Decimal Classification | London | London | News article | 06/09/2001 | WB3733-04 | 114473-1001 | 06/08/2019 | 1 | 06/08/2019 | News article |